[Event "the leisure spring time double round >2000"]
[Site "SchemingMind.com"]
[Date "2017.03.06"]
[Round "-"]
[White "nikita68"]
[Black "Helga1946"]
[Result "0-1"]
[WhiteCountry "RUS"]
[BlackCountry "GER"]
[WhiteElo "2361"]
[WhiteRD "70"]
[BlackElo "2212"]
[BlackRD "79"]
[GameID "411203"]

1. e4 c5 2. Nf3 e6 3. d4 cxd4 4. Nxd4 a6 5. Bd3 h6 6. O-O Qc7 7. Be3 Nf6 8. c4 b6 9. Nc3 Nc6 10. Nxc6 dxc6
11. e5 Nd7 12. f4 Bb7 13. Qg4 h5 14. Qg3 h4 15. Qh3 Be7 16. Rad1 O-O-O 17. Bc2 c5 18. f5 Nxe5 19. fxe6 fxe6 20. Qxe6+ Kb8
21. Nd5 Bxd5 22. Rxd5 Bf6 23. Rfd1 Rde8 24. Qf5 Nxc4 25. Bf4 Be5 26. Rd7 Bxf4 27. Rxc7 Bxc7 28. Qf7 Ne5 29. Qb3 Re7 30. h3 Nc6
31. Qc4 Nd4 32. Bd3 a5 33. a3 Rd8 34. Rf1 g5 35. Qa6 Re6 36. Bc4 Red6 37. Bb5 c4 38. Rf7 Ne2+ 39. Kf2 Ng3 40. Bxc4 Rd2+
41. Kf3 Rxb2 42. Rxc7 Kxc7 43. Qa7+ Kc6 44. Qf7 Rbd2 45. Qf6+ Kb7 46. Qxg5 Rf8+ 47. Ke3 Re8+
0-1

[Event "the leisure spring time double round >2000"]
[Site "SchemingMind.com"]
[Date "2017.03.06"]
[Round "-"]
[White "Helga1946"]
[Black "nikita68"]
[Result "1/2-1/2"]
[WhiteCountry "GER"]
[BlackCountry "RUS"]
[WhiteElo "2193"]
[WhiteRD "75"]
[BlackElo "2402"]
[BlackRD "86"]
[GameID "411204"]

1. e4 c6 2. d4 d5 3. exd5 cxd5 4. Bd3 Nf6 5. c3 Nc6 6. h3 e5 7. dxe5 Nxe5 8. Qe2 Qe7 9. Bc2 g6 10. Bf4 Nc6
11. Qxe7+ Bxe7 12. Nf3 Ne4 13. Be3 Bf5 14. Bb3 Rd8 15. O-O O-O 16. Rd1 Bc5 17. Rxd5 Bxe3 18. fxe3 Rxd5 19. Bxd5 Rd8 20. Bb3 Rd3
21. Na3 Rxe3 22. Nc4 Rd3 23. Bc2 Rd8 24. Ne3=
1/2-1/2

[Event "the leisure spring time double round >2000"]
[Site "SchemingMind.com"]
[Date "2017.03.05"]
[Round "-"]
[White "nikita68"]
[Black "flyinduck"]
[Result "1-0"]
[WhiteCountry "RUS"]
[BlackCountry "CAN"]
[WhiteElo "2350"]
[WhiteRD "129"]
[BlackElo "2043"]
[BlackRD "60"]
[GameID "411205"]

1. d4 Nf6 2. c4 e6 3. Nc3 Bb4 4. e3 O-O 5. Bd3 d5 6. cxd5 exd5 7. Nf3 c5 8. dxc5 Nbd7 9. O-O Nxc5 10. Be2 Nce4
11. Bd2 Nxd2 12. Qxd2 Ne4 13. Qc2 Nxc3 14. bxc3 Be7 15. Rfd1 Be6 16. e4 Qa5 17. exd5 Bxd5 18. Qf5 Rad8 19. c4
1-0

[Event "the leisure spring time double round >2000"]
[Site "SchemingMind.com"]
[Date "2017.03.05"]
[Round "-"]
[White "flyinduck"]
[Black "nikita68"]
[Result "0-1"]
[WhiteCountry "CAN"]
[BlackCountry "RUS"]
[WhiteElo "2006"]
[WhiteRD "56"]
[BlackElo "2366"]
[BlackRD "101"]
[GameID "411206"]

1. d4 Nf6 2. Bg5 e6 3. Nd2 d5 4. e3 c5 5. c3 Nc6 6. Ngf3 Qb6 7. Rb1 cxd4 8. exd4 Bd7 9. Bd3 h6 10. Bh4 Nh5
11. O-O g5 12. Bg3 Nxg3 13. hxg3 g4 14. Nh2 h5 15. b4 O-O-O 16. a4 f5 17. a5 Qc7 18. Re1 Bd6 19. b5 Nxa5 20. c4 dxc4
21. Nxc4 Nxc4 22. Bxc4 h4 23. Nf1 hxg3 24. fxg3 Bxg3 25. Re3 Bh2+ 26. Kf2 Kb8 27. Qb3 Qf4+ 28. Ke2 Bg1 29. Bxe6 Bxe6 30. Qxe6 Bxe3
0-1

[Event "the leisure spring time double round >2000"]
[Site "SchemingMind.com"]
[Date "2017.03.05"]
[Round "-"]
[White "nikita68"]
[Black "JAHI"]
[Result "1-0"]
[WhiteCountry "RUS"]
[BlackCountry "INT"]
[WhiteElo "2369"]
[WhiteRD "73"]
[BlackElo "2034"]
[BlackRD "63"]
[GameID "411207"]

1. e4 g6 2. d4 Bg7 3. c4 d6 4. Nc3 e6 5. Nf3 Ne7 6. Be2 d5 7. exd5 exd5 8. O-O Be6 9. cxd5 Nxd5 10. Bg5 f6
11. Bd2 Nxc3 12. bxc3 Qd7 13. Qb1 b6 14. Re1 Kf7 15. Qe4 Bd5 16. Qf4 Kg8 17. c4 Bf7 18. Bc3 Qd6 19. Qe4 Nc6 20. d5 f5
21. Qc2 Ne5 22. Nxe5 Bxe5 23. Bf3 Bxc3 24. Qxc3 Re8 25. Rxe8+ Bxe8 26. Re1 Bf7 27. Bd1 h6 28. Ba4 Kh7 29. g3 Rf8 30. Re5 Qc5
31. Bc6 Bg8 32. h4 h5 33. Qe1 Rf7 34. Qe2 Kh8 35. Kg2 a6 36. Bb7 Rg7 37. Qe3 Qxe3 38. fxe3 a5 39. Kf3 Kh7 40. Kf4 Kh6
41. Re8 Bh7 42. Ke5 g5 43. Re6+ Bg6 44. Bc6 gxh4 45. gxh4 Kh7 46. Be8 Bxe8 47. Rxe8 Rg4 48. Re7+ Kg6 49. Rxc7 Re4+ 50. Kd6 Rxe3
51. Rc6 Re4 52. Kc7+ Kf7 53. d6 Rd4 54. Rxb6 Rxc4+ 55. Rc6 Rd4 56. Rc2 Rxh4 57. d7 Rd4 58. d8=Q Rxd8 59. Kxd8 Kf6 60. Rg2 f4
61. Rc2 Kf5 62. Rc5+ Kg4 63. Rxa5 f3 64. Rc5 Kf4 65. Rxh5 Ke4 66. a4 Kf4 67. a5 f2 68. Rh1 Kf3 69. a6 Kg2 70. Ra1 f1=Q
71. Rxf1 Kxf1 72. a7 Ke2 73. a8=Q Kd3 74. Qa4 Ke3 75. Qc4 Kf3 76. Qd4 Kg2 77. Qe3 Kf1 78. Qd2 Kg1 79. Qe2 Kh1 80. Ke7 Kg1
81. Kf6 Kh1 82. Kg5 Kg1 83. Kg4 Kh1 84. Kg3 Kg1 85. Qg2#
1-0

[Event "the leisure spring time double round >2000"]
[Site "SchemingMind.com"]
[Date "2017.03.05"]
[Round "-"]
[White "JAHI"]
[Black "nikita68"]
[Result "0-1"]
[WhiteCountry "INT"]
[BlackCountry "RUS"]
[WhiteElo "1990"]
[WhiteRD "68"]
[BlackElo "2361"]
[BlackRD "70"]
[GameID "411208"]

1. g3 d5 2. Bg2 e5 3. d3 Nf6 4. e3 c5 5. d4 cxd4 6. exd4 exd4 7. Qxd4 Nc6 8. Qe3+ Be7 9. Ne2 O-O 10. a3 Re8
11. Qd3 Bg4 12. f3 Ne5 13. Qb3 Be6 14. Qe3 Nc4 15. Qd3 Bc5 16. b3 Nd6 17. Nbc3 Bf5 18. Qd1 d4 19. Na4 d3 20. cxd3 Bd4
21. Ra2 Nd5 22. Kf1 b5 23. Nxd4 bxa4 24. Nxf5 Nxf5 25. Re2 Nfe3+ 26. Bxe3 Nxe3+ 27. Rxe3 Rxe3 28. d4 axb3 29. Kf2 Qe7 30. Rf1 Re8
31. Kg1 b2 32. Qb1 Qxa3 33. d5 Re2 34. Kh1 Qb4 35. d6 Qxd6 36. Qa2 Qb4 37. h3 Re1 38. g4 Rxf1+ 39. Bxf1 b1=Q 40. Qf2 Re1
41. Kg2 Q1b2 42. Qxb2 Qxb2+ 43. Kg3 Rxf1 44. Kf4 Qd4+ 45. Kg3 g5 46. h4 Qg1+ 47. Kh3 Rxf3#
0-1